Planning in intelligent systems : (Record no. 29159)
[ view plain ]
| 000 -LEADER | |
|---|---|
| fixed length control field | 03230cam a22004094a 4500 |
| 001 - CONTROL NUMBER | |
| control field | 14050877 |
| 003 - CONTROL NUMBER IDENTIFIER | |
| control field | EG-ScBUE |
| 005 - DATE AND TIME OF LATEST TRANSACTION | |
| control field | 20210607115145.0 |
| 008 - FIXED-LENGTH DATA ELEMENTS--GENERAL INFORMATION | |
| fixed length control field | 050725t2006 njua f b 001 0 eng d |
| 020 ## - INTERNATIONAL STANDARD BOOK NUMBER | |
| International Standard Book Number | 0471734276 (hdbk.) |
| 035 ## - SYSTEM CONTROL NUMBER | |
| System control number | (OCoLC)ocm61162269 |
| 040 ## - CATALOGING SOURCE | |
| Original cataloging agency | DLC |
| Language of cataloging | eng |
| Description conventions | rda |
| Transcribing agency | DLC |
| Modifying agency | YDX |
| -- | BAKER |
| -- | UKM |
| -- | IXA |
| -- | COO |
| -- | EYE |
| -- | DLC |
| -- | EG-ScBUE |
| 082 04 - DEWEY DECIMAL CLASSIFICATION NUMBER | |
| Classification number | 006.33 |
| Item number | PLA |
| Edition number | 22 |
| 245 00 - TITLE STATEMENT | |
| Title | Planning in intelligent systems : |
| Remainder of title | aspects, motivations, and methods / |
| Statement of responsibility, etc | edited by Wout van Wezel, Rene Jorna, Alexander Meystel. |
| 264 #1 - PUBLICATION, DISTRIBUTION, ETC. (IMPRINT) | |
| Place of publication, distribution, etc | Hoboken, New Jersey : |
| Name of publisher, distributor, etc | John Wiley & Sons, Inc., |
| Date of publication, distribution, etc | [2006] |
| 264 #4 - PUBLICATION, DISTRIBUTION, ETC. (IMPRINT) | |
| Date of publication, distribution, etc | c2006 |
| 300 ## - PHYSICAL DESCRIPTION | |
| Extent | xii, 574 pages : |
| Other physical details | illustrations ; |
| Dimensions | 25 cm |
| 336 ## - CONTENT TYPE | |
| Source | rdacontent |
| Content type term | text |
| Content type code | txt |
| 337 ## - MEDIA TYPE | |
| Source | rdamedia |
| Media type term | unmediated |
| Media type code | n |
| 338 ## - CARRIER TYPE | |
| Source | rdacarrier |
| Carrier type term | volume |
| Carrier type code | nc |
| 500 ## - GENERAL NOTE | |
| General note | "A John Wiley & Sons publication." |
| 504 ## - BIBLIOGRAPHY, ETC. NOTE | |
| Bibliography, etc | Includes bibliographical references and index. |
| 505 0# - FORMATTED CONTENTS NOTE | |
| Formatted contents note | How we do what we want: A neuro-cognitive perspective on human action planning (Hommel) -- Planning in dynamic situations: Some findings in complex supervisory control (Hoc) -- Cognition, planning and domains: An empirical study into the planning processes of planners (Jorna) -- Coordination Mechanisms in Multi-Actor Systems (Gazendam) -- The Organizational Interconnectivity Of Planning and Scheduling (McKay & Wiers) -- Interactive scheduling systems (Van Wezel) -- Mathematical models for planning support (Kroon & Zuidwijk) -- Modeling and solving multi-site scheduling problems (Sauer) -- Multi-agent Planning in the Presence of Multiple Goals (Bowling, Jensen & Veloso) -- Multi-resolutional Representation and Behavior Generation: How Does It Affect the Performance of and Planning for Intelligent Systems (Meystel) -- Perspectives on shunting planning: Research in planning support at the Netherlands Railways (Van Wezel) -- Task analysis for problems of shunting planning within the Netherlands Railways (Kiewiet, Jorna & Van Wezel) -- Intelligent Shunting: Dealing with Constraints (Satisfaction) (Abbink) -- Applying Operations Research techniques to planning of train shunting (Lentink, van 't Woudt, Kroon & Fioole) -- Train shunting: a practical heuristic inspired by Dynamic Programming (Haijema, Duin & Van Dijk) -- Planner-oriented design of algorithms for train shunting scheduling (Riezebos & Van Wezel) -- Conclusions for Intelligent Planning: Diversity and the Quest for Unity (Jorna, Van Wezel & Meystel) |
| 650 #7 - SUBJECT ADDED ENTRY--TOPICAL TERM | |
| Topical term or geographic name as entry element | Expert systems (Computer science) |
| Source of heading or term | BUEsh |
| 650 #7 - SUBJECT ADDED ENTRY--TOPICAL TERM | |
| Topical term or geographic name as entry element | Intelligent control systems. |
| Source of heading or term | BUEsh |
| 650 #7 - SUBJECT ADDED ENTRY--TOPICAL TERM | |
| Topical term or geographic name as entry element | Artificial intelligence. |
| Source of heading or term | BUEsh |
| 653 ## - INDEX TERM--UNCONTROLLED | |
| Resource For college | Informatics and Computer Science |
| Arrived date list | June2021 |
| 655 ## - INDEX TERM--GENRE/FORM | |
| Form subdivision | Reading book |
| 9 (RLIN) | 34232 |
| 700 1# - ADDED ENTRY--PERSONAL NAME | |
| Personal name | Wezel, Wout van, |
| Relator term | editor. |
| 700 1# - ADDED ENTRY--PERSONAL NAME | |
| Personal name | Jorna, Rene, |
| Relator term | editor. |
| 700 1# - ADDED ENTRY--PERSONAL NAME | |
| Personal name | Meystel, A. |
| Fuller form of name | (Alex) |
| Relator term | editor. |
| 856 41 - ELECTRONIC LOCATION AND ACCESS | |
| Materials specified | Table of contents |
| Uniform Resource Identifier | <a href="http://www.loc.gov/catdir/toc/ecip0516/2005021353.html">http://www.loc.gov/catdir/toc/ecip0516/2005021353.html</a> |
| 856 42 - ELECTRONIC LOCATION AND ACCESS | |
| Materials specified | Publisher description |
| Uniform Resource Identifier | <a href="http://www.loc.gov/catdir/enhancements/fy0622/2005021353-d.html">http://www.loc.gov/catdir/enhancements/fy0622/2005021353-d.html</a> |
| 906 ## - LOCAL DATA ELEMENT F, LDF (RLIN) | |
| a | 7 |
| b | cbc |
| c | orignew |
| d | 1 |
| e | ecip |
| f | 20 |
| g | y-gencatlg |
| 942 ## - ADDED ENTRY ELEMENTS (KOHA) | |
| Source of classification or shelving scheme | Dewey Decimal Classification |
| Koha item type | Book - Borrowing |
| Withdrawn status | Lost status | Source of classification or shelving scheme | Damaged status | Not for loan | Collection code | Home library | Current library | Shelving location | Date acquired | Source of acquisition | Total Checkouts | Full call number | Barcode | Date last seen | Price effective from | Koha item type |
|---|---|---|---|---|---|---|---|---|---|---|---|---|---|---|---|---|
| Dewey Decimal Classification | Baccah | Central Library | Central Library | Lower Floor | 07/06/2021 | Purchase | 006.33 PLA | 000050296 | 15/07/2025 | 07/06/2021 | Book - Borrowing |